000 00725nam a2200241Ia 4500
003 OSt
005 20220926010651.0
006 a|||||r|||| 00| 0
007 ta
008 220923b |||||||| |||| 00| 0 eng d
037 _cGeneral Book
040 _aRTL
_cRTL
_beng
041 _2eng
_aeng
082 _aX90gF.58.N7, M2
100 _aAmann Ronald Ed.
_919018
245 0 _aIndustrial innovation in the Soviet Union
260 _aNew Haven
_bHeaven Yale University Press
_c1982
300 _axx, 526p.
_ccm.
650 _aEconomics-Industry
700 _a Cooper Julian Ed.
_9312728
942 _hX90gF.58.N7, M2
_cGB
_2CC
999 _c617998
_d617998